| 000 | 01128nam a2200313 i 4500 | ||
|---|---|---|---|
| 001 | bg | ||
| 100 | 1 | _aDolecki, Janusz. | |
| 245 | 1 | 0 |
_aJak udzielać zamówień publicznych finansowanych ze środków UE / _cJanusz Dolecki, Paweł Granecki, Andrzej Warwas. |
| 260 |
_aWarszawa : _bTwigger, _c2007. |
||
| 300 |
_a341 s. : _bil. ; _c21 cm. |
||
| 500 | _aNa okł. nazwa projektu edukacyjnego : "Europejska Akademia Samorządowa". | ||
| 650 | 9 |
_aFundusze strukturalne UE _zPolska _yod 2007 r. |
|
| 650 | 9 |
_aZamówienia publiczne _xprawo _zPolska _ystan na 2007 r. |
|
| 650 | 9 |
_aZamówienia publiczne _xprawo wspólnotowe europejskie _ystan na 2007 r. |
|
| 655 | _aPoradniki | ||
| 700 | 1 | _aDolecki, Janusz. | |
| 700 | 1 | _aGranecki, Paweł. | |
| 700 | 1 | _aWarwas, Andrzej. | |
| 830 | _aJak skutecznie wykorzystać fundusze unijne 2007-2013 | ||
| 020 | _a9788388904943 | ||
| 040 | _cBPK | ||
| 041 | 0 | _apol | |
| 044 | _aPOL | ||
| 080 | _a339.7:351.712](438+4-67) | ||
| 920 | _a978-83-88904-94-3 | ||
| 942 | _cKS | ||
| 008 | s pl f |000 0 pol | ||
| 999 |
_c55147 _d55147 |
||
| 856 |
_uhttp://koha.tu.koszalin.pl/cgi-bin/koha/opac-detail.pl?biblionumber=55147 _yKatalog online BPK |
||